| 000 | 00776nam a2200205 i 4500 | ||
|---|---|---|---|
| 001 | 77561 | ||
| 003 | ES-MaACL | ||
| 005 | 20250808084932.0 | ||
| 007 | t| | ||
| 008 | 041021m18891933sp ||||1| spa d | ||
| 080 | _a347(460)"1889" | ||
| 245 | 0 | 0 |
_aCódigo civil / _ccomentado y concordado extensamente con arreglo a la nueva edición oficial por Q. Mucius Scaevola [seud.]. |
| 260 |
_aMadrid : _bImp. de Moreno y Rojas, _c1889-1933. |
||
| 300 |
_a25 tomos en 26 v. ; _c20 cm. |
||
| 500 | _aQuintus Mucius Scaevola es pseud. col. de Pedro Apalategui Ocejo y Ricardo Oyuelos Pérez (Palau, ref.303509) | ||
| 650 | 0 | 4 |
_aDerecho civil- _zEspaña _911659 |
| 700 | 1 |
_aApalategui y Ocejo, Pedro de. _922036 |
|
| 852 |
_aES-MaACL _jB-7248-74 |
||
| 999 |
_c77561 _d77561 |
||